| 000 | 00451nam a2200181Ia 4500 | ||
|---|---|---|---|
| 003 | OSt | ||
| 005 | 20260304102513.0 | ||
| 008 | 250729s1959 xx 000 0 und d | ||
| 040 | _cAL | ||
| 041 | _aeng | ||
| 082 | _a420.2 ROCG | ||
| 100 |
_aF F Rockwell _9229845 |
||
| 245 | _a10000 garden questions ; answered by 20 experts | ||
| 260 |
_aNewyork _bDoubleday & Company _c1959 |
||
| 300 | _a686p | ||
| 650 |
_aEnglish _9229846 |
||
| 942 |
_2ddc _cBED |
||
| 999 |
_c238485 _d238485 |
||